Memory Module Pins - Statistics

General Stats
  • This quiz has been taken 2 times
  • The average score is 3 of 14
Answer Stats
Hint Answer % Correct
DDR Double Data Rate
100%
DDR1 (DIMM) 184 pins
50%
DIMM Dual Inline Memory Module
50%
SO-DIMM Small Outline-Dual Inline Memory Module
50%
DDR1 (micro DIMM) 172 pins
0%
DDR1 (SO-DIMM) 200 pins
0%
DDR2 (SO-DIMM) 200 pins
0%
DDR3 (SO-DIMM) 204 pins
0%
DDR2 (micro DIMM) 214 pins
0%
DDR3 (micro DIMM) 214 pins
0%
DDR2 (DIMM) 240 pins
0%
DDR3 (DIMM) 240 pins
0%
DDR4 (SO-DIMM) 256 pins
0%
DDR4 (DIMM) 288 pins
0%
No matching quizzes found
Score Distribution
Percent of People with Each Score
Percentile by Number Answered
Your Score History
You have not taken this quiz